<?xml version="1.0" encoding="UTF-8"?>
<marc:record xmlns:marc="http://www.loc.gov/MARC21/slim">
   <marc:leader>00000nam a2200000 a 4500</marc:leader>
   <marc:datafield ind1=" " ind2=" " tag="653">
      <marc:subfield code="a">Biosphäre</marc:subfield>
   </marc:datafield>
   <marc:datafield ind1=" " ind2=" " tag="653">
      <marc:subfield code="a">Biosphärenpark</marc:subfield>
   </marc:datafield>
   <marc:datafield ind1=" " ind2=" " tag="653">
      <marc:subfield code="a">Modellregion</marc:subfield>
   </marc:datafield>
   <marc:datafield ind1=" " ind2=" " tag="653">
      <marc:subfield code="a">Naturraum</marc:subfield>
   </marc:datafield>
   <marc:datafield ind1=" " ind2=" " tag="653">
      <marc:subfield code="a">Wienerwald</marc:subfield>
   </marc:datafield>
   <marc:datafield ind1="0" ind2="0" tag="245">
      <marc:subfield code="a">Biospärenpark Wienerwald - Die Information</marc:subfield>
   </marc:datafield>
   <marc:datafield ind1=" " ind2="1" tag="264">
      <marc:subfield code="c">2008</marc:subfield>
   </marc:datafield>
   <marc:datafield ind1="1" ind2=" " tag="520">
      <marc:subfield code="a">Prospektmappe / Inhalt:
Die Zeitung - Biosphärenpark Wienerwald , 5. Ausgabe
Das Blatt in Ihrer Hand 02/08
Das Blatt in Ihrer Hand 03/08
Alles Wienerwald / Übersichtskarte mit Hinweisen auf Sehenswertes und Gastronomie, Historisches und Wissenswertes
Exkursionen im Bospärenpark Wienerwald, November 2008, 1 Bl.
Zonierung Biospärenpark Wienerwald, 1 Bl.
Kurzinfo zum Biospärenpark Wienerwald, 1 Bl.
Naturjuwele aus Menschenhand - Wiesen und Weiden im Wienerwald, 1 Bl.
Wienerwald Weiderind, 1 Bl.
Wiese sucht Reporter, 1 Bl.
Obst für die Weinbaulandschaft, 2 Bl.
Wein aus dem Wienewrwald, 1 Bl.
Weinbaulandschaften in Wien und an der Thermenlinie, 2 Bl.

</marc:subfield>
   </marc:datafield>
</marc:record>
